000 00820nmc a2200301 a 4500
003 AR-BaBNM
005 20251128205739.0
008 138019s1987 ||||||||||||||000 | spa||
020 _a950-04-0636-5
040 _cAR-BaBNM
100 0 _aZiraldo
245 1 0 _aFlicts
250 _a1ª ed.
260 _aBuenos Aires
_bEmecé
_c1987
300 0 _a31 p.
_bil.
490 0 _aPequeño Emecé
_vv. 3
500 0 _aZiraldo es el seudónimo de Ziraldo Alves Pinto
500 0 _aLas ilustraciones pertenecen al autor de la obra
650 4 _aLIBROS PARA NINOS
650 4 _aLITERATURA INFANTIL
650 4 _aACTIVIDADES DE APRENDIZAJE
653 0 _aCUENTO MARAVILLOSO
653 0 _aEDUCACION PRIMARIA
655 _aLITERATURA
700 1 _aCorgatelli, Rosa S.
_etraductor
942 _cBK
998 _cMARTIN
999 _c12658
_d12658